000 00320nam a22001457a 4500
008 221010b ||||| |||| 00| 0 eng d
020 _a9780781747080
041 _aeng
080 _a61
082 _a61 RODG
100 _a5
101 _aMJEK
245 _aDEVELOPING NURSING KNOWLEDGE
_cRODGERS B
942 _2udc
_cBK
999 _c58434
_d58434